| 000 | 00932nam a2200289 a 4500 | ||
|---|---|---|---|
| 999 |
_c9038 _d9038 |
||
| 001 | 9038 | ||
| 003 | BD - JhCC | ||
| 005 | 20180314175940.0 | ||
| 008 | 880808s1963 enk b 001 0 eng d | ||
| 035 | _a(BD - JhCC)9038 | ||
| 040 |
_aOSU _dOCL _dBD - JhCC |
||
| 041 | _aeng | ||
| 082 |
_bWHE 1963 _a321.021 |
||
| 100 | 1 |
_aWheare, K. C. _q(Kenneth Clinton), _d1907-1979. |
|
| 245 | 1 | 0 |
_aFederal government / _cK.C. Wheare. |
| 250 | _a4th ed. | ||
| 260 |
_aLondon : _bOxford University Press, _c1963. |
||
| 300 |
_a266 p. ; _c20 cm. |
||
| 490 | 1 |
_aOxford paperbacks ; _vno. 75 |
|
| 500 | _a"Issued under the auspices of the Royal Institute of International Affairs." -- t.p. | ||
| 504 | _aIncludes bibliographical references (p. [247]-255) and index. | ||
| 650 | 0 | _aFederal government. | |
| 710 | 2 | _aRoyal Institute of International Affairs. | |
| 830 | 0 |
_aOxford paperbacks ; _vno. 75. |
|
| 942 |
_2ddc _cBK |
||